Sports Quiz

Random Sports or Football Quiz

Football League XIs: Rochdale Quiz Stats

 Plays Quiz not verified by Sporcle

Challenge
Share
Tweet
Embed
Score 0/220 Timer 20:00
0 Plays Today
% Correct
Gary Jones
94.9%
Gary Jones
94.9%
Gary Jones
94.9%
Gary Jones
94.9%
Gary Jones
94.9%
Gary Jones
94.9%
Gary Jones
94.9%
Gary Jones
94.9%
Gary Jones
94.9%
Gary Jones
94.9%
Gary Jones
94.9%
Gary Jones
94.9%
Ian Henderson
86.8%
Ian Henderson
85.4%
Ian Henderson
85.4%
Adam Le Fondre
80.4%
Adam Le Fondre
80.4%
Neil Edwards
80%
Neil Edwards
80%
Neil Edwards
80%
Neil Edwards
80%
Neil Edwards
80%
Neil Edwards
80%
Jason Kennedy
79.9%
Jason Kennedy
79.6%
Jason Kennedy
79.6%
Jason Kennedy
79.6%
Tom Kennedy
79%
Tom Kennedy
79%
Tom Kennedy
79%
Josh Lillis
78.8%
Grant Holt
78.8%
Grant Holt
78.8%
Craig Dawson
78.6%
Craig Dawson
78.6%
Jamie Allen
78.3%
Josh Lillis
77.6%
Phil Edwards
76.9%
Rickie Lambert
76.8%
Joe Rafferty
76.3%
Josh Lillis
76.1%
Stephen Dawson
76.1%
Chris Dagnall
75.8%
Chris Dagnall
75.8%
Chris Dagnall
75.8%
Josh Lillis
75.8%
Ryan Edwards
75.6%
Callum Camps
75%
Jamie Allen
72.8%
Jamie Allen
72.5%
Joe Rafferty
72.3%
Keith Hill
71.3%
Keith Hill
71.3%
Keith Hill
71.3%
Keith Hill
71.3%
Chris O'Grady
71.1%
Chris O'Grady
71.1%
Joe Rafferty
70.9%
Ollie Lancashire
69.2%
Ollie Lancashire
68.4%
Nathan Stanton
68.3%
Nathan Stanton
68.3%
Nathan Stanton
68.3%
Nathan Stanton
68.3%
Joe Thompson
68.1%
Joe Thompson
68.1%
Matthew Lund
67.8%
Matt Done
67.6%
Matthew Lund
64.4%
Conrad Logan
64.3%
Rory McArdle
63.8%
Rory McArdle
63.8%
Rory McArdle
63.8%
Peter Vincenti
62.8%
% Correct
Matthew Gilks
62.4%
Matthew Gilks
62.4%
Matthew Gilks
62.4%
Matthew Gilks
62.4%
Michael Rose
62.3%
Ash Eastham
62%
Scott Hogan
61.9%
Jim McNulty
61.8%
Marcus Holness
61.2%
Marcus Holness
61.2%
Michael Rose
61.2%
Scott Wiseman
61%
Scott Wiseman
61%
Scott Wiseman
61%
Peter Vincenti
60.6%
Peter Vincenti
60.5%
Bobby Grant
60.3%
Wayne Evans
60%
Wayne Evans
60%
Wayne Evans
60%
Wayne Evans
60%
Wayne Evans
60%
Wayne Evans
60%
Michael Rose
59.6%
Rhys Bennett
59.5%
Frank Fielding
59.2%
Rhys Bennett
58.2%
David Flitcroft
58%
David Flitcroft
58%
David Flitcroft
58%
David Flitcroft
58%
Jason Taylor
57.8%
Glenn Murray
57.2%
Glenn Murray
57.2%
Adam Rundle
56.8%
Adam Rundle
56.8%
Adam Rundle
56.8%
Andrew Tutte
55.5%
Ashley Grimes
55.4%
Clive Platt
54.9%
Clive Platt
54.9%
Clive Platt
54.9%
Clive Platt
54.9%
Andrew Tutte
54.9%
Ashley Grimes
54.4%
Will Buckley
53.7%
Gareth Griffiths
52.5%
Gareth Griffiths
52.5%
Gareth Griffiths
52.5%
Gareth Griffiths
52.5%
Gareth Griffiths
52.5%
George Donnelly
52%
Scott Tanser
51.6%
Peter Cavanagh
50.9%
Kevin Townson
50.7%
Kevin Townson
50.7%
Paul Connor
50.3%
Paul Connor
50.3%
David Perkins
50.3%
Joe Widdowson
50.3%
Joe Widdowson
50.3%
Jack O'Connell
49.4%
Simon Ramsden
48.9%
Simon Ramsden
48.9%
John-Louis Akpa-Akpro
47.3%
Jack O'Connell
46.5%
Nicky Adams
46.1%
Nicky Adams
46.1%
Brian Barry-Murphy
45.3%
Sam Russell
44.8%
Paul Simpson
44.4%
Lee McEvilly
43.8%
Alex Russell
42.4%
Alex Russell
42.4%
% Correct
Donal McDermott
41.4%
Ian Gray
39.8%
Tony Ford
38%
Tony Ford
38%
Stephen Darby
37.6%
John Doolan
37.4%
David Lucas
37.4%
James Spencer
36.8%
Kallum Higginbotham
36.4%
Leo Bertos
36.2%
Leo Bertos
36.2%
Alan Johnson
35%
Steve Whitehall
34.3%
Graeme Atkinson
34.1%
Dave Bayliss
33.5%
Mark Monington
33.5%
Dave Bayliss
33.5%
Dave Bayliss
33.5%
Mark Monington
33.5%
Dave Bayliss
33.5%
Kevin McIntyre
33%
Michael Oliver
32.9%
Michael Oliver
32.9%
Michael Oliver
32.9%
Ernie Cooksey
32.5%
Ernie Cooksey
32.5%
Tony Ellis
31.9%
Tony Ellis
31.9%
Jason Peake
31.7%
Jason Peake
31.7%
Lee Todd
31.1%
Michael Simpkins
30.7%
Ciaran Toner
30.7%
Robbie Painter
30.3%
Robbie Painter
30.3%
Alan Goodall
28.5%
Alan Goodall
28.5%
Alan Goodall
28.5%
Dean Holden
28.5%
Richard Jobson
27.3%
Andy Morris
26.7%
Mark Stuart
25.7%
Mark Stuart
25.7%
Jamie Clark
24%
Paul Tait
24%
Jamie Clark
24%
Matt Doughty
22%
Matt Doughty
22%
Matt Doughty
22%
Jim Boardman
22%
Mark Leonard
21%
Mark Leonard
21%
Andy Farrell
20.2%
Andy Farrell
20.2%
Andy Farrell
20.2%
Andy Fensome
19.4%
Andy Fensome
19.4%
Simon Grand
18%
Andy Gouck
16.8%
Tony Gallimore
16.2%
Tony Gallimore
16.2%
Mark Bailey
16%
Daryl Burgess
16%
Lee Cartwright
15%
Andy Barlow
13.7%
Andy Barlow
13.7%
Lee Crooks
13.7%
John Deary
12.3%
Sean McClare
11.9%
Sean McAuley
9.7%
Ian Bryson
9.5%
Paul Carden
9.1%

You're not logged in!

Compare scores with friends on all Sporcle quizzes.
Join for Free
OR
Log In

You Might Also Like...

Show Comments

Extras

Top Quizzes Today


Score Distribution

Your Account Isn't Verified!

In order to create a playlist on Sporcle, you need to verify the email address you used during registration. Go to your Sporcle Settings to finish the process.

Report this User

Report this user for behavior that violates our Community Guidelines.

Details: